Jícaras tristes /

Salvato in:
Dettagli Bibliografici
Autore principale: Espino, Alfredo, 1900-1928
Natura: Sconosciuto
Lingua:Spanish
Pubblicazione: El Salvador : Ministerio de Educación, 1973.
Edizione:6. edición.
Soggetti:
Tags: Aggiungi Tag
Nessun Tag, puoi essere il primo ad aggiungerne!!

MARC

LEADER 000000000a22000000004500
001 002550
041 0 |a spa 
082 0 4 |a ES861.4   |b E77j 
100 1 |a Espino, Alfredo,   |d 1900-1928 
245 1 0 |a Jícaras tristes /   |c Alfredo Espino. 
250 |a 6. edición. 
260 1 |a El Salvador :   |b Ministerio de Educación,   |c 1973. 
300 |a 158 páginas 
650 4 |a LITERATURA SALVADOREÑA 
650 4 |a POESIA 
999 |c 8941  |d 8941 
942 |c BK  |h ES861.4 E77j  |2 z